Normal view MARC view

Entry Personal Name

Number of records used in: 1

001 - CONTROL NUMBER

  • control field: 9143

003 - CONTROL NUMBER IDENTIFIER

  • control field: DLC

005 - DATE AND TIME OF LATEST TRANSACTION

  • control field: 20221003132629.0

008 - FIXED-LENGTH DATA ELEMENTS

  • fixed length control field: 890222n| azannaabn |a aaa

010 ## - LIBRARY OF CONGRESS CONTROL NUMBER

  • LC control number: n 88192117

035 ## - SYSTEM CONTROL NUMBER

  • System control number: (OCoLC)oca02464877

040 ## - CATALOGING SOURCE

  • Original cataloging agency: DLC
  • Language of cataloging: eng
  • Description conventions: rda
  • Transcribing agency: DLC
  • Modifying agency: UtOrBLW

046 ## - SPECIAL CODED DATES

  • Birth date: 1925
  • Death date: 2010-01-12
  • Source of date scheme: edtf

100 1# - HEADING--PERSONAL NAME

  • Personal name: DeMan, John M.,
  • Dates associated with a name: 1925-2010

370 ## - ASSOCIATED PLACE

  • Place of birth: Netherlands
  • Place of death: Guelph (Ont.)
  • Associated country: Canada
  • Other associated place: Edmonton (Alta.)
  • Source of term: naf

372 ## - FIELD OF ACTIVITY

  • Field of activity: Food--Analysis
  • Field of activity: Food--Composition
  • Field of activity: Dairy--Research
  • Source of term: lcsh

373 ## - ASSOCIATED GROUP

  • Associated group: University of Alberta
  • Associated group: University of Guelph
  • Source of term: naf

400 1# - SEE FROM TRACING--PERSONAL NAME

  • Control subfield: nnea
  • Personal name: DeMan, John M.,
  • Dates associated with a name: 1925-

400 1# - SEE FROM TRACING--PERSONAL NAME

  • Control subfield: nnaa
  • Personal name: DeMan, J. M.,
  • Dates associated with a name: 1925-

400 1# - SEE FROM TRACING--PERSONAL NAME

  • Personal name: DeMan, J. M.
  • Fuller form of name: (John M.),
  • Dates associated with a name: 1925-

400 1# - SEE FROM TRACING--PERSONAL NAME

  • Personal name: de Man, J. M.,
  • Dates associated with a name: 1925-2010

670 ## - SOURCE DATA FOUND

  • Source citation: His Principles of food chemistry, c1990:
  • Information found: CIP t.p. (John M. deMan, Ph. D., Dept. of Food Science, Ontario Agricultural College, Univ. of Guelph, Guelph, Ont., Canada)

670 ## - SOURCE DATA FOUND

  • Source citation: LC data base, 2-21-89
  • Information found: (hdg.: DeMan, J. M., 1925- ; usage: John M. DeMan; J.M. DeMan)

670 ## - SOURCE DATA FOUND

  • Source citation: The physical structure of butter as affected by newer manufacturing processes, 1959:
  • Information found: title page (J.M. de Man; Department of Dairying, University of Alberta)

670 ## - SOURCE DATA FOUND

  • Source citation: Genealogy Quebec's online obituaries, viewed February 12, 2019:
  • Information found: deMan, John M. (deMAN, John M. (Dr.) Passed away on January 12, 2010 in Guelph at the age of 84. Born in the Netherlands, immigrated in 1954 to Canada; was a former professor at the Univ. of Alberta until 1968 and then at the Univ. of Guelph where he was Chairman of the Food Science Dept.)
  • Uniform Resource Identifier: https://www.genealogiequebec.com/necro/ontario/toronto/the-globe-and-mail-toronto-on/469322/DEMAN-John-M-/obituary

Powered by Koha